000 02538nam0a2200421 4500
001 RU\NLR\BIBL_A\011718362
005 20250630160204.0
020 _aRU
_b15060
_9Сводный каталог листовок первых лет Советской власти (25 октября (7 ноября) 1917 - 1925) Т.5. Листовки советских, партийных, профсоюзных, комсомольских и других организаций Уральской области, автономных областей и республик РСФСР. Ч.2
035 _a(NLR Aleph) 011718362
090 _a11468953
_c11468953
100 _a20180604d1920 |||y0rusy50 ca
101 0 _arus
102 _aRU
105 _ay z 000zy
135 _acrgn 008apada
200 1 _aСтой, товарищ! "Ты знаешь, что завтра 12 декабря субботник и ты должен быть на нем...", 1920 г. 10 дек.
_e[листовка
_fКрасноуфимская тройка по проведению субботников]
210 _a[Красноуфимск]
_cКрасноуфим. гос. тип.
_d[1920, дек.]
215 _a1 с.
_d20х15
300 _aПодпись: Штаб Тройки субботников
325 1 _aКопия доступна в Электронной библиотеке РНБ
517 1 _aТы знаешь, что завтра 12 декабря субботник и ты должен быть на нем...
607 _aРСФСР
_jЛистовки
_xПолитика и управление
_y1917 - 1925
_92312782
_3RU\NLR\auth\6601609564
607 _aЕкатеринбургская губерния
_jЛистовки
_xПолитика и управление
_92471147
_3RU\NLR\AUTH\6601684649
686 0 _aТ3(2)71-313,011
686 0 _aТ3(2Р-7Е)712.9-313,011
711 0 2 _aКрасноуфимская тройка по проведению субботников
_9631526
_3RU\NLR\AUTH\880485540
852 0 0 _aNLR
_bФЛ
_j28/141
856 0 _uhttps://vivaldi.nlr.ru/ll000078835/view
856 1 _uhttps://vivaldi.nlr.ru/ll000078835/cover
856 2 _uhttps://vivaldi.nlr.ru/ll000078835/text
942 _cBOOK
980 _aNB
981 2 1 _a(21) Листовки
_b(21) Листовки 1920 года